000 00409nam a2200169 4500
001 43124
090 _a43124
100 _a20240528 pory50
101 _apor
102 _aPT
200 _aPufie o incĂȘndio no parque de merendas
_ftexto Lara xavier
_gil. Raquel santos
205 _a1.ÂȘ ed.
210 _aAlfragide
_cLeYa
_d2018
215 _a1 v.
_cil.
675 _a82-93
801 _aPT
_gRPC
990 _cLIVROS